000 00313nam a22001337a 4500
008 170814b xxu||||| |||| 00| 0 eng d
020 _a9870618149160
041 _aeng
080 _27 ED
_a51
100 _a36
101 _aMAT
245 _aCALCULUS OF A SINGLE VARIABLE
_cHOSTELIER.L
942 _2udc
_cBK
999 _c23329
_d23329